| 000 | 00704nam a2200205Ia 4500 | ||
|---|---|---|---|
| 005 | 20260121110344.0 | ||
| 008 | 008 260114s9999 xx 000 0 hin d | ||
| 020 | _a9788132361565 | ||
| 037 | _aEBOOK | ||
| 040 |
_aCRL _bhin _cCRL |
||
| 041 |
_ahin _2hin |
||
| 084 | _qCRL | ||
| 100 |
_aस्वाती चौहान / Balwant Singh _9945162 |
||
| 245 | 0 | _aयोग एवं प्रणायाम से व्याधि निवारण / Yog aur pranayam se vyadhi nivaran | |
| 260 |
_bभाषा प्रकाशन / Bhasha Prakashan _c2021 |
||
| 856 | _uhttps://bhashaprakashan.com/product-details/379107 | ||
| 942 | _cEBOOK | ||
| 999 |
_c1536826 _d1536826 |
||